000 00468nam a2200157Ia 4500
008 100122s9999 xx 000 0 und d
082 _b72248
_a823.08:5
100 _aजावडेकर सुबोध
245 _aकुरुक्षेत्र
250 _a1
260 _bराजहंस प्रकाशन
_c2007
300 _a236
630 _aकुरुक्षेत्र
730 _aकुरुक्षेत्र
942 _cBOOK
999 _c388070
_d388067